Welcome to the Holygrace Academy Library

Please use search bar below to get started

HARDY BOYS (Record no. 6908)

MARC details
000 -LEADER
fixed length control field 00516nam a22001457a 4500
020 ## - INTERNATIONAL STANDARD BOOK NUMBER
ISBN 978-0-689-85884-0
082 ## - DEWEY DECIMAL CLASSIFICATION NUMBER
Classification number 823
Item number DIX/H
100 ## - MAIN ENTRY--AUTHOR NAME
Personal name DIXONFRANKLIN W
245 ## - TITLE STATEMENT
Title HARDY BOYS
260 ## - PUBLICATION, DISTRIBUTION, ETC. (IMPRINT)
Place of publication NEWYORK
Name of publisher SIMON & SCHUSTER
Year of publication 2003
300 ## - PHYSICAL DESCRIPTION
Number of Pages 148
520 ## - SUMMARY, ETC.
Summary, etc A Fantastic Vacation Becomes A Fight For Life Visiting San Esteban is supposed to be a vacation for Frank and Joe Hardy and their friends, but it doesn't take long for them to realize that the island is no paradise.<br/>
650 ## - SUBJECT ADDED ENTRY--TOPICAL TERM
Topical Term STORY
942 ## - ADDED ENTRY ELEMENTS (KOHA)
Koha item type Books
Holdings
Withdrawn status Lost status Collection code Home library Current library Shelving location Date acquired Source of acquisition Full call number Accession Number Koha item type
    Fiction Main Library Main Library NEW SHELF WITH NEW ENTRY 26/10/2023 Purchase 823 DIX/H 12993 Books